000 00336nam a22001337a 4500
008 170613b xxu||||| |||| 00| 0 eng d
020 _a0674940520
041 _aeng
080 _a94(7/8)
100 _a17
101 _aSHH
245 _aTHE VISIBLE HAND THE MANAGERIAL REVOLUTION IN AMERICAN BUSINESS
_cCHANDLER,A.D
942 _2udc
_cBK
999 _c17107
_d17107